Carkyh Algicosathlon Elimination Order - Statistics

General Stats
  • This quiz has been taken 24 times
  • The average score is 15 of 20
Answer Stats
Hint Answer % Correct
Race To The Bowl Tan
100%
Bowling Blue
94%
BMX Cycling Cyan
94%
Rowing Magenta
94%
Nighttime Baby Transportation On Horseback Orange
94%
Wrestling Pink
94%
BMX Cycling 3 Yellow
94%
Long Jump Brown
88%
Race To The Bowl 2 Green
88%
BMX Cycling 2 Grey
88%
Weightlifting Lavender
88%
Pearl Catching Lime
88%
Sled-Dog Racing Red
88%
Basketball Navy
81%
Hockey Olive
81%
Excavation No One
31%
Weightlifting 2 No One(3-parts)
31%
Race To The Bowl 3 No One(3-parts)
31%
Archery No One(Teams)
31%
Tower Defence No One(Teams)
31%
No matching quizzes found
Score Distribution
Percent of People with Each Score
Percentile by Number Answered
Your Score History
You have not taken this quiz